Séptima Mesa Redonda de Palenque : extractos /

Đã lưu trong:
Chi tiết về thư mục
Tác giả của công ty: Mesa Redonda de Palenque ( Palenque, Chiapas)
Định dạng: Hội nghị đang tiến hành Sách
Ngôn ngữ:Tiếng Tây Ban Nha
Được phát hành: San Francisco, EUA : Pre-Columbian Art Research Institute, 1989
Các nhãn: Thêm thẻ
Không có thẻ, Là người đầu tiên thẻ bản ghi này!

MARC

LEADER 00000nam^a2200000^a^4500
001 000560038
005 20250526000000.0
009 20260310131855.154
037 |a Acervo ITESO - Biblioteca 
041 |a ESP 
091 |a FHA. 02667 
111 |a Mesa Redonda de Palenque (  |n 7a :  |d 1989 :  |c Palenque, Chiapas) 
245 1 0 |a Séptima Mesa Redonda de Palenque :  |b extractos / 
264 1 |a San Francisco, EUA :  |b Pre-Columbian Art Research Institute,  |c 1989 
300 |a 73 p. ;  |c 21.5 cm. 
336 |a texto  |b txt  |2 rdacontenido 
337 |a sin mediación  |b n  |2 rdamedio 
338 |a volumen  |b nc  |2 rdasoporte 
515 |a Inventario familia Hartung: 3712 
649 |a XX 
910 |a Fondo Horst Hartung Franz 
920 |a Impresos - Libros 
930 |a Libros Antiguos y Raros 
905 |a 135 
901 |a 0500330834  |b IT2  |c LRA  |i D  |u 20250526 
902 |a https://opac.biblio.iteso.mx/vufind/Record/000560038